|
|
|
|
| LEADER |
01416nam a2200397Ia 4500 |
| 001 |
EBC564132 |
| 003 |
MiAaPQ |
| 005 |
20200520144314.0 |
| 006 |
m o d | |
| 007 |
cr cn||||||||| |
| 008 |
100204s2010 vtua sb 001 0 eng d |
| 010 |
|
|
|z 2010001638
|
| 020 |
|
|
|z 9780566088827 (hardback : alk. paper)
|
| 020 |
|
|
|a 9781409407164 (electronic bk.)
|
| 035 |
|
|
|a (MiAaPQ)EBC564132
|
| 035 |
|
|
|a (Au-PeEL)EBL564132
|
| 035 |
|
|
|a (CaPaEBR)ebr10404109
|
| 035 |
|
|
|a (CaONFJC)MIL270140
|
| 035 |
|
|
|a (OCoLC)662258413
|
| 040 |
|
|
|a MiAaPQ
|c MiAaPQ
|d MiAaPQ
|
| 050 |
|
4 |
|a HD69.P75
|b T465 2010
|
| 082 |
0 |
4 |
|a 658.4/04
|2 22
|
| 100 |
1 |
|
|a Thiry, Michel.
|
| 245 |
1 |
0 |
|a Program management
|h [electronic resource] /
|c Michel Thiry.
|
| 260 |
|
|
|a Burlington, VT :
|b Gower,
|c c2010.
|
| 300 |
|
|
|a xviii, 197 p. :
|b ill.
|
| 490 |
1 |
|
|a Fundamentals of project management
|
| 504 |
|
|
|a Includes bibliographical references and index.
|
| 533 |
|
|
|a Electronic reproduction. Ann Arbor, MI : ProQuest, 2015. Available via World Wide Web. Access may be limited to ProQuest affiliated libraries.
|
| 650 |
|
0 |
|a Project management.
|
| 650 |
|
0 |
|a Strategic planning.
|
| 650 |
|
0 |
|a Organizational change.
|
| 655 |
|
4 |
|a Electronic books.
|
| 710 |
2 |
|
|a ProQuest (Firm)
|
| 830 |
|
0 |
|a Fundamentals of project management.
|
| 856 |
4 |
0 |
|u https://ebookcentral.proquest.com/lib/matrademy/detail.action?docID=564132
|z Click to View
|